Dejiny novodobého Slovenska
Salvato in:
| Autore principale: | |
|---|---|
| Natura: | Libro |
| Lingua: | slovacco |
| Pubblicazione: |
[S.l.]
Nadácia Dr. Jozefa Lettricha
[2014]
|
| Soggetti: | |
| Tags: |
Nessun Tag, puoi essere il primo ad aggiungerne!!
|
MARC
| LEADER | 00000nam a2200000 4500 | ||
|---|---|---|---|
| 001 | 0185410 | ||
| 005 | 20240314094237.2 | ||
| 020 | |a 978-80-971152-5-8 | ||
| 041 | 0 | |a slo | |
| 044 | |a SK | ||
| 245 | 1 | 0 | |a Dejiny novodobého Slovenska |c Jozef Lettrich |
| 264 | 1 | |a [S.l.] |b Nadácia Dr. Jozefa Lettricha |c [2014] | |
| 300 | |a 303 s. | ||
| 610 | 2 | 0 | |a dejiny |
| 610 | 2 | 0 | |a história |
| 610 | 2 | 0 | |a vojny |
| 610 | 2 | 0 | |a konflikty etnické |
| 610 | 2 | 0 | |a konflikty medzinárodné |
| 610 | 2 | 0 | |a zbrojenie |
| 610 | 2 | 0 | |a vzťahy medzinárodné |
| 610 | 2 | 0 | |a diplomacia |
| 610 | 2 | 0 | |a osobnosť |
| 610 | 2 | 0 | |a biografia |
| 610 | 2 | 0 | |a vývoj politický |
| 610 | 2 | 0 | |a vývoj spoločenský |
| 610 | 2 | 0 | |a národ |
| 610 | 2 | 0 | |a štát |
| 610 | 2 | 0 | |a Slovensko |
| 610 | 2 | 0 | |a Lettrich, J. |
| 100 | 1 | |a Lettrich, Jozef | |